| 000 | 02137cam a2200649 c 4500 | ||
|---|---|---|---|
| 001 | 329226703 | ||
| 003 | DE-627 | ||
| 005 | 20260205090632.0 | ||
| 007 | tu | ||
| 008 | 010516s2001 gw ||||| 00| ||ger c | ||
| 015 |
_a00,N27,0691 _2dnb |
||
| 016 | 7 |
_a959200991 _2DE-101 |
|
| 020 | _a3360010213 | ||
| 024 | 3 | _a9783360010216 | |
| 035 | _a(DE-627)329226703 | ||
| 035 | _a(DE-576)085912719 | ||
| 035 | _a(DE-599)GBV329226703 | ||
| 035 | _a(OCoLC)231879875 | ||
| 035 | _a(OCoLC)48408610 | ||
| 040 |
_aDE-627 _bger _cDE-627 _erakwb |
||
| 041 | _ager | ||
| 044 | _cXA-DE | ||
| 050 | 0 | _aDD283 | |
| 082 | 0 |
_a363.28/3/09431 _221 |
|
| 082 | 0 | _a363.28309431 | |
| 084 |
_a63 _2sdnb |
||
| 084 |
_a3,6 _2ssgn |
||
| 084 |
_aMG 81070 _2rvk |
||
| 084 |
_aMG 15070 _2rvk |
||
| 084 |
_aNQ 7010 _2rvk |
||
| 084 |
_aMG 81950 _2rvk |
||
| 084 |
_a89.49 _2bkl |
||
| 084 |
_a15.43 _2bkl |
||
| 084 |
_a15.38 _2bkl |
||
| 100 | 1 |
_aWagner, Matthias _d1950- _4aut |
|
| 245 | 1 | 4 |
_aDas Stasi-Syndrom _büber den Umgang mit den Akten des MfS in den 90er Jahren _cMatthias Wagner |
| 263 | _aPb. : DM 24.80, S 181.00, sfr 23.00 | ||
| 300 |
_a259 S _c20 cm |
||
| 583 | 1 |
_aArchivierung prüfen _c20240324 _fDE-4165 _z3 _2pdager |
|
| 610 | 1 | 0 |
_aGermany (East) _bMinisterium für Staatssicherheit |
| 650 | 0 |
_aInternal security _zGermany (East) |
|
| 651 | 0 |
_aGermany (East) _xPolitics and government _y1989-1990 |
|
| 655 | 7 |
_aErlebnisbericht _2gnd-content |
|
| 856 | 4 | 2 |
_uhttp://www.gbv.de/dms/sub-hamburg/329226703.pdf _mV:DE-601 _mB:DE-18 _qpdf/application _yInhaltsverzeichnis _3Inhaltsverzeichnis |
| 856 | 4 | 2 |
_uhttp://www.h-net.org/review/hrev-a0c5y3-aa _v2014-05-14 _yBook review (H-Net) |
| 856 | 4 | 2 |
_uhttp://www.h-net.org/reviews/showrev.php?id=16432 _v2016-07-07 _yBook review (H-Net) |
| 856 | 4 | 2 |
_uhttps://www.hsozkult.de/publicationreview/id/rezbuecher-740 _mV:DE-576;X:HSozKult _qtext/html _v20180413143728 _3Rezension |
| 936 | r | v | _aMG 81070 |
| 936 | r | v | _aMG 15070 |
| 936 | r | v | _aNQ 7010 |
| 936 | r | v | _aMG 81950 |
| 936 | b | k | _a89.49 |
| 936 | b | k | _a15.43 |
| 936 | b | k | _a15.38 |
| 942 |
_2z _cB |
||
| 951 | _aBO | ||
| 999 |
_c374227 _d374227 |
||